<?xml version="1.0" encoding="UTF-8"?>
<record
    xmlns:xsi="http://www.w3.org/2001/XMLSchema-instance"
    xsi:schemaLocation="http://www.loc.gov/MARC21/slim http://www.loc.gov/standards/marcxml/schema/MARC21slim.xsd"
    xmlns="http://www.loc.gov/MARC21/slim">

  <leader>08027cam a2200373 i 4500</leader>
  <controlfield tag="003">BJBSDDR</controlfield>
  <controlfield tag="005">20260506130732.0</controlfield>
  <controlfield tag="007">ta</controlfield>
  <controlfield tag="008">260506s2010    dr           f000 0 spa  </controlfield>
  <datafield tag="010" ind1=" " ind2=" ">
    <subfield code="a">   78113536 </subfield>
  </datafield>
  <datafield tag="020" ind1=" " ind2=" ">
    <subfield code="a">9789945003116 </subfield>
  </datafield>
  <datafield tag="020" ind1=" " ind2=" ">
    <subfield code="a">9945003119</subfield>
  </datafield>
  <datafield tag="035" ind1=" " ind2=" ">
    <subfield code="a">3213667</subfield>
  </datafield>
  <datafield tag="040" ind1=" " ind2=" ">
    <subfield code="a">DLC</subfield>
    <subfield code="c">DLC</subfield>
    <subfield code="d">DLC</subfield>
    <subfield code="b">spa</subfield>
  </datafield>
  <datafield tag="041" ind1=" " ind2=" ">
    <subfield code="a">spa</subfield>
  </datafield>
  <datafield tag="043" ind1=" " ind2=" ">
    <subfield code="a">nwdr---</subfield>
    <subfield code="a">n-us---</subfield>
  </datafield>
  <datafield tag="050" ind1="1" ind2="4">
    <subfield code="a">118 F 1938.4</subfield>
    <subfield code="b">G216d 2010</subfield>
  </datafield>
  <datafield tag="082" ind1="0" ind2="0">
    <subfield code="a">972.93/05</subfield>
  </datafield>
  <datafield tag="100" ind1="1" ind2=" ">
    <subfield code="a">Garc&#xED;a Godoy, Federico,</subfield>
    <subfield code="d">1857-1924.</subfield>
    <subfield code="9">27239</subfield>
  </datafield>
  <datafield tag="245" ind1="1" ind2="3">
    <subfield code="a">El derrumbe /</subfield>
    <subfield code="c">Federico Garc&#xED;a Godoy ; pr&#xF3;logo de Juan Bosch.</subfield>
  </datafield>
  <datafield tag="250" ind1=" " ind2=" ">
    <subfield code="a">4a. edici&#xF3;n</subfield>
  </datafield>
  <datafield tag="260" ind1=" " ind2=" ">
    <subfield code="a">[Santo Domingo, Rep&#xFA;blica Dominicana] : </subfield>
    <subfield code="b">Comisi&#xF3;n Permanente de Efem&#xE9;rides Patrias ; </subfield>
    <subfield code="b">Ediciones Librer&#xED;a la Trinitaria, </subfield>
    <subfield code="c">2010</subfield>
  </datafield>
  <datafield tag="300" ind1=" " ind2=" ">
    <subfield code="a">214 p&#xE1;ginas ; </subfield>
    <subfield code="c">23 cm.</subfield>
  </datafield>
  <datafield tag="490" ind1="1" ind2=" ">
    <subfield code="a">Comisi&#xF3;n Permanente de Efem&#xE9;rides Patrias,  </subfield>
    <subfield code="v">n&#xB0; 35</subfield>
  </datafield>
  <datafield tag="500" ind1=" " ind2=" ">
    <subfield code="a">Naci&#xF3; en Santiago de Cuba el 25 de diciembre de 1857. Novelista, cr&#xED;tico literario, histo-  riador, periodista y educador. Hijo de Federico Garc&#xED;a Copley y de Josefa Godoy. Lleg&#xF3; a la Rep&#xFA;blica Dominicana procedente de Cuba en 1868 a los once a&#xF1;os de edad, adoptando la nacionalidad dominicana en 1888. Recibi&#xF3; la primera educaci&#xF3;n formal de parte de su padre y luego ingres&#xF3; al Colegio San Luis Gonzaga de Santo Domingo. Despu&#xE9;s de vivir algunos a&#xF1;os entre Puerto Plata y la capital dominicana, fij&#xF3; su residencia en La Vega. Desde all&#xED; combati&#xF3; la primera intervenci&#xF3;n norteamericana a la Rep&#xFA;blica Dominicana y desarroll&#xF3; gran parte de sus actividades intelectuales. Fue el cr&#xED;tico literario m&#xE1;s sagaz y de mayor cultura de su &#xE9;poca. Sus investigaciones literarias y sus estudios cr&#xED;ticos trascendieron la geograf&#xED;a nacional llegando hasta otros pa&#xED;ses latinoamericanos y europeos donde fueron difundidos en publicaciones como Revue Hispanique, de Francia y varias revistas importan-tes de Espa&#xF1;a e Hispanoam&#xE9;rica. Fund&#xF3; los peri&#xF3;dicos El Esfuerzo (1880) El Pueblo (1889) y El D&#xED;a (1914) en La Vega, y la revista literaria Patria (1910) Adem&#xE1;s de novelista, escribi&#xF3; sobre historia, pol&#xED;tica y cr&#xED;tica literaria. Tiene el m&#xE9;rito de ser el primer narrador dominica-no en incorporar la historia nacional contempor&#xE1;nea a la narrativa criolla. Se vali&#xF3; de sus novelas Rufinito, Alma dominicana y Guanuma, pero sobre todo del su libro de ensayos hist&#xF3;ricos-pol&#xED;ticos El derrumbe para divulgar la historia patria, para enjuiciar las actuacio-nes de los protagonistas de la historia dominicana y para reafirmar el nacionalismo que proyect&#xF3; en todos sus escritos. Posey&#xF3; una de las bibliotecas personales m&#xE1;s ricas de su &#xE9;poca en el pa&#xED;s, la cual termin&#xF3; consumida por un incendio poco tiempo antes de su muerte, ocurrida en La Vega el 12 de febrero de 1924.    BIBLIOGRAFIA ACTIVA  NOVELA: Rufinito: sucedido hist&#xF3;rico. Santo Domingo: Imprenta La Cuna de Am&#xE9;rica, 1908. Alma dominicana: novela hist&#xF3;rica. Santo Domingo: Imprenta La Cuna de Am&#xE9;rica, 1911. Guanuma: novela hist&#xF3;rica. Santo Domingo: Imprenta la Cuna de Am&#xE9;rica, 1914.  ENSAYO: Impresiones. Moca: Imprenta de J. Brache, 1899. Perfiles y relieves. Santo   Domingo: Imprenta La Cuna de Am&#xE9;rica, 1907. Recuerdos y opiniones. Santiago de los Caballeros: Imprenta San Sebasti&#xE1;n, 1908. La hora que pasa: notas cr&#xED;ticas. Santo Domingo: Imprenta La Cuna de Am&#xE9;rica, 1910. P&#xE1;ginas ef&#xED;meras: movimiento intelectual hispano-americano. Santo Domingo: Imprenta La Cuna de Am&#xE9;rica, 1912. La literatura americana de nuestros d&#xED;as. Madrid: Sociedad Espa&#xF1;ola del Libro, 1915. La literatura dominicana. New York-Par&#xED;s: s.n, 1916. De aqu&#xED; y de all&#xE1;: notas cr&#xED;ticas. Santo Domingo: Tipograf&#xED;a el Progreso, 1916. Americanismo literario: Jos&#xE9; Mart&#xED;, Jos&#xE9; Enrique Rod&#xF3;, F. Garc&#xED;a Calder&#xF3;n, Rufino Blanco Fombona. Madrid: Editora Am&#xE9;rica, 1918. Antolog&#xED;a. Ciudad Trujillo: Librer&#xED;a Dominicana, 1951. Federico Garc&#xED;a Godoy y su Trilog&#xED;a patri&#xF3;tica: Rufinito, Alma dominicana y Guanuma. Santo Domingo: Editora Cultural Dominicana, 1974. Trilog&#xED;a patri&#xF3;tica. Santo Domingo: Sociedad Dominicana de Bibli&#xF3;filos, 1982.    BIBLIOGRAF&#xCD;A PASIVA  Alc&#xE1;ntara Alm&#xE1;nzar, Jos&#xE9;. "Federico Garc&#xED;a Godoy", en Antolog&#xED;a de la literatura dominica-  na. Santo Domingo: Editora Cultural Dominicana, 1972: 33-34. | Alc&#xE1;ntara Alm&#xE1;nzar,  Jos&#xE9;. "Federico Garc&#xED;a Godoy", en Narrativa y sociedad en Hispanoam&#xE9;rica. Santo Domingo: Instituto Tecnol&#xF3;gico de Santo Domingo, 1984: 32-42. | Alc&#xE1;ntara Alm&#xE1;nzar, Jos&#xE9;. "Fede-rico Garc&#xED;a Godoy", en Dos siglos de literatura dominicana (s. XIX-XX) Vol. 1. Santo Do-mingo: Colecci&#xF3;n Sesquicentenario de la Independencia Nacional, 1996: 135-144. | Bala-guer, Joaqu&#xED;n. "Federico Garc&#xED;a Godoy", en Historia de la literatura dominicana. 7ma. ed. Santo Domingo: Editora Corripio, 1988: 258-260. | Balaguer, Joaqu&#xED;n. "Federico Garc&#xED;a Godoy", en Letras dominicanas. Santiago de los Caballeros: Editorial El Diario, 1944: 193-211. | Cont&#xED;n Aybar, N&#xE9;stor. "Federico Garc&#xED;a Godoy", Historia de la literatura dominicana. Tomo 2. San Pedro de Macor&#xED;s: Universidad Central del Este, 1983: 299-301. | De la Cruz, Josefina. "Federico Garc&#xED;a Godoy", en La sociedad dominicana del siglo pasado a trav&#xE9;s de la novela. Santo Domingo: Universidad Aut&#xF3;noma de Santo Domingo, 1986: 155-185. | Enciclopedia dominicana. Vol. 3. Santo Domingo: Editora Centenario, 1976: 187-188 | Ger&#xF3;n, C&#xE1;ndido. Diccionario de autores dominicanos 1492-1994. 2da. ed. Santo Domingo: Ed-tora Colorscan, 1994: 191. | Francisco, Ram&#xF3;n. "Federico Garc&#xED;a Godoy", en Literatura dominicana 60. Santiago de los Ca-balleros: Universidad Cat&#xF3;lica Madre y Maestra, 1969: 109,111,118. | Henr&#xED;quez Ure&#xF1;a, Pedro. "Federico Garc&#xED;a Godoy", en De mi patria. Santo Domingo: Secretar&#xED;a de Estado de Educaci&#xF3;n, 1966: 287-288. | Henr&#xED;quez Ure&#xF1;a, Max. "Federico Garc&#xED;a Godoy", en Panorama hist&#xF3;rico de la literatura dominicana, 2da. ed. Santo Domingo: J. D. Postigo, 1966: 336-337. | Lantigua, Jos&#xE9; Rafael. "El derrumbe: nuestras culpas pol&#xED;ticas, nuestro descalabro nacional." List&#xED;n Diario, [Biblioteca] 18 de marzo, 2001. | Lebr&#xF3;n Savi&#xF1;&#xF3;n, Mariano. "Federico Garc&#xED;a Godoy", en Historia de la cultura dominicana. Vol. V. Santo Domingo: Universidad Nacional Pedro Henr&#xED;quez Ure&#xF1;a, 1982: 89-90, 168-169. Mart&#xED;nez, Rufino. Estudio de la labor literaria de Federico Garc&#xED;a Godoy. Puerto Plata, s.n., 1925. | Mart&#xED;nez, Rufino. "Federico Garc&#xED;a Godoy", en Diccionario biogr&#xE1;fico dominicano 1821-1930. Santo Domingo: Universidad Aut&#xF3;noma de Santo Domingo, 1971: 192-193. | Mej&#xED;a, Abiga&#xED;l. "Federico Garc&#xED;a Godoy", en Historia de la literatura dominicana, 7ma. ed. Ciudad Trujillo: Impresora Dominicana, 1951: 176-177. | Morales, Gabino. "Federico Garc&#xED;a Godoy", en Breviario cr&#xED;tico. Ciudad Trujillo: Editora Montalvo, 1955: 77-117. | Nolasco, S&#xF3;crates. "Federico Garc&#xED;a Godoy", en El cuento en Santo Domingo. Santo Domingo: Biblioteca Nacional, 1986: 95-104. | Pe&#xF1;a Batlle, Manuel de Jes&#xFA;s. "Federico Garc&#xED;a Godoy", en Antolog&#xED;a de la literatura dominicana. Vol. 2. Santiago de los Caballeros: Editorial El Diario, 1944: 329-332. | Pimentel, Miguel. "Los ensayos hist&#xF3;ricos-narrativos de Federico Garc&#xED;a Godoy", en Ideolog&#xED;a de la novela criolla. Santo Domingo: Universidad Aut&#xF3;noma de Santo Domingo, 1986: 4960. | Vallejo de Paredes, Margarita. "Federico Garc&#xED;a Godoy", en Apuntes biogr&#xE1;ficos y bibliogr&#xE1;ficos de algunos escritores dominicanos del siglo XIX. Vol. 1. Santo Domingo: Publicaciones ONAP, 1985: 231-239.</subfield>
  </datafield>
  <datafield tag="651" ind1=" " ind2="0">
    <subfield code="a">Dominican Republic</subfield>
    <subfield code="x">History</subfield>
    <subfield code="y">1844-1930.</subfield>
  </datafield>
  <datafield tag="651" ind1=" " ind2="0">
    <subfield code="a">Dominican Republic</subfield>
    <subfield code="x">History</subfield>
    <subfield code="y">American occupation, 1916-1924.</subfield>
  </datafield>
  <datafield tag="651" ind1=" " ind2="4">
    <subfield code="a">Rep&#xFA;blica Dominicana</subfield>
    <subfield code="x">Historia</subfield>
    <subfield code="y">Ocupaci&#xF3;n Norteamericana, 1916-1924.</subfield>
    <subfield code="9">2625</subfield>
  </datafield>
  <datafield tag="651" ind1=" " ind2="4">
    <subfield code="a">Rep&#xFA;blica Dominicana</subfield>
    <subfield code="x">Historia</subfield>
    <subfield code="y">1844-1930</subfield>
    <subfield code="9">2604</subfield>
  </datafield>
  <datafield tag="700" ind1="1" ind2=" ">
    <subfield code="a">Bosch, Juan, </subfield>
    <subfield code="d">1909-2001</subfield>
    <subfield code="9">18003</subfield>
    <subfield code="e">prologuista</subfield>
  </datafield>
  <datafield tag="830" ind1=" " ind2="0">
    <subfield code="a">Colecci&#xF3;n de la Comisi&#xF3;n Permanente de Efem&#xE9;rides Patrias ; </subfield>
    <subfield code="9">42728</subfield>
    <subfield code="v">n&#xB0; 35</subfield>
  </datafield>
  <datafield tag="942" ind1=" " ind2=" ">
    <subfield code="2">lcc</subfield>
    <subfield code="c">BK</subfield>
  </datafield>
  <datafield tag="946" ind1=" " ind2=" ">
    <subfield code="a">ccruz</subfield>
  </datafield>
  <datafield tag="999" ind1=" " ind2=" ">
    <subfield code="c">127017</subfield>
    <subfield code="d">127017</subfield>
  </datafield>
  <datafield tag="952" ind1=" " ind2=" ">
    <subfield code="0">0</subfield>
    <subfield code="1">0</subfield>
    <subfield code="2">lcc</subfield>
    <subfield code="4">0</subfield>
    <subfield code="7">0</subfield>
    <subfield code="8">RR</subfield>
    <subfield code="a">BJB</subfield>
    <subfield code="b">BJB</subfield>
    <subfield code="c">RR</subfield>
    <subfield code="d">2026-05-06</subfield>
    <subfield code="l">0</subfield>
    <subfield code="o">118 F 1938.4 G216d 2010</subfield>
    <subfield code="p">00000189450</subfield>
    <subfield code="r">2026-05-06 13:07:53</subfield>
    <subfield code="t">1</subfield>
    <subfield code="w">2026-05-06</subfield>
    <subfield code="y">BK</subfield>
  </datafield>
</record>
